| Поле | Название | Значение |
| |
Тип записи |
a |
| |
Библиографический уровень |
m |
| 001 |
Контрольный номер |
LIBNET\0000853575 |
| 005 |
Дата корректировки |
20190819133612.1 |
| 010 |
Индекс ISBN |
__ |
| a |
ISBN |
978-5-17-087088-2 |
| 9 |
Тираж |
3000 |
| d |
Цена |
198-22 |
| 100 |
Данные общей обработки |
__ |
| a |
Данные общей обработки |
20180130d2017 m y0rusy0189 ca |
| 101 |
Язык документа |
0_ |
| a |
Язык текста |
rus |
| 102 |
Страна публикации |
__ |
| a |
Страна публикации |
RU |
| 105 |
Кодированные данные (монография) |
__ |
| a |
Кодированные данные (монография) |
y ##z###000yy |
| 200 |
Заглавие и сведения об ответственности |
1_ |
| a |
Заглавие |
Советы столетнего хирурга |
| f |
Первые сведения об ответственности |
Ф. Г. Углов |
| 210 |
Выходные данные |
1_ |
| a |
Место издания |
Москва |
| c |
Издательство |
АСТ |
| d |
Дата издания |
2019 |
| 215 |
Физическое описание |
__ |
| a |
Объем |
316, [3] с. |
| d |
Формат |
21 |
| 225 |
Серия (Журнальная рубрика) |
1_ |
| a |
Серия (Журнальная рубрика) |
Медицинский бестселлер |
| 330 |
Аннотация |
__ |
| a |
Аннотация |
Как прожить долгую, счастливую и насыщенную добром и пользой жизнь, как избежать преждевременной старости и насильственной смерти? Ответить на эти непростые вопросы академик Углов пытался всю свою долгую жизнь. Прожил он 104 года и стал единственным хирургом в мире, проводившим операции в возрасте 100 лет! Так что о секретах долголетия доктор Углов знает из собственного опыта, которым он и делится с читателями в этой книге. |
| 333 |
Примечание о целевом назначении |
__ |
| a |
Примечание о целевом назначении |
12+ |
| 606 |
Тематические рубрики |
1_ |
| a |
Основная рубрика |
Здравоохранение. Медицинские науки |
| 2 |
Код системы |
nlr_sh |
| 3 |
Контрольный № нормативной записи |
RU\NLR\AUTH\66478790 |
| j |
Формальный подзаголовок |
Популярные издания |
| 606 |
Тематические рубрики |
1_ |
| a |
Основная рубрика |
Гигиена |
| 606 |
Тематические рубрики |
__ |
| a |
Основная рубрика |
Хирургия |
| 610 |
Ключевые слова |
0_ |
| a |
Ключевые слова |
здоровый образ жизни |
| a |
Ключевые слова |
долголетие |
| 686 |
Индексы других классификаций |
__ |
| a |
Индекс ББК |
51.204.0 |
| v |
Номер издания |
LBC/SL |
| 2 |
Код системы |
rubbk |
| 686 |
Индексы других классификаций |
__ |
| a |
Индекс ББК |
54.5 |
| 700 |
Автор |
_1 |
| 3 |
Контрольный № нормативной записи |
RU\NLR\AUTH\7723402 |
| a |
Фамилия |
Углов |
| b |
Имя |
Ф. Г. |
| g |
Полное личное имя |
Федор Григорьевич |
| f |
Даты |
1904-2008 |
| 801 |
Источник записи |
_0 |
| a |
Страна |
RU |
| b |
Организация |
ЦГПБ Санкт-Петербург |
| c |
Дата составления |
20180130 |
| g |
Правила каталогизации |
rcr |
| 801 |
Источник записи |
_1 |
| a |
Страна |
RU |
| b |
Организация |
ЦГПБ Санкт-Петербург |
| c |
Дата составления |
20180130 |
| 801 |
Источник записи |
_2 |
| a |
Страна |
RU |
| b |
Организация |
Центральная районная библиотека им. Г. А. Пирожникова |
| 830 |
Общее примечание каталогизатора |
__ |
| a |
Текст примечания |
122 |
| 852 |
Данные о местонахождении |
__ |
| j |
Шифр хранения |
51.204.0 |
| i |
Авторский знак |
У 254 |
| 901 |
Тип документа |
__ |
| t |
Тип документа |
m |
| 902 |
Роль лиц |
__ |
| b |
Редактор БЗ |
ОКиОЛ/Струналь |